Design in California and Mexico, 1915-1985 (Record no. 8787)

MARC details
000 -CABECERA
campo de control de longitud fija 01219nam a2200277 a 4500
001 - NÚMERO DE CONTROL
campo de control BRCA_9140
005 - FECHA Y HORA DE LA ÚLTIMA TRANSACCIÓN
campo de control 20190320210532.0
008 - DATOS DE LONGITUD FIJA--INFORMACIÓN GENERAL
campo de control de longitud fija 210218s2017----u--a######---#000-0#eng-#
020 ## - NÚMERO INTERNACIONAL ESTÁNDAR DEL LIBRO
Número Internacional Estándar del Libro 9783791356709
041 ## - CÓDIGO DE LENGUA
Código de lengua del texto/banda sonora o título independiente eng
044 ## - CÓDIGO DEL PAÍS DE LA ENTIDAD EDITORA/PRODUCTORA
Código MARC del país u
050 #4 - SIGNATURA TOPOGRÁFICA DE LA BIBLIOTECA DEL CONGRESO
Número de clasificación NK1410.C2
Número de documento/Ítem .D47 2017
245 10 - MENCIÓN DE TÍTULO
Título Design in California and Mexico, 1915-1985
Resto del título found in translation
Mención de responsabilidad, etc. Wendy Kaplan, editor ; Wendy Kaplan and Staci Steinberger, curators ; essays by Keith Eggener ... [et al.] ; contributions by Abbey Chamberlain Brach ... [et al.].
260 ## - PUBLICACIÓN, DISTRIBUCIÓN, ETC.
Lugar de publicación, distribución, etc. Los Ángeles
Nombre del editor, distribuidor, etc. Los Angeles County Museum of Art ; Múnich ; Nueva York : DelMonico Books/Prestel
Fecha de publicación, distribución, etc. 2017
300 ## - DESCRIPCIÓN FÍSICA
Extensión 358 p.
Otras características físicas il. (algunas a color)
Dimensiones 31 cm.
500 ## - NOTA GENERAL
Nota general Incluye lista de obra e índice alfabético
650 14 - PUNTO DE ACCESO ADICIONAL DE MATERIA--TÉRMINO DE MATERIA
Término de materia o nombre geográfico como elemento de entrada Artes decorativas
Subdivisión de forma Historia
Subdivisión cronológica Siglo XX
Subdivisión geográfica California
9 (RLIN) 22525
650 14 - PUNTO DE ACCESO ADICIONAL DE MATERIA--TÉRMINO DE MATERIA
Término de materia o nombre geográfico como elemento de entrada Artes decorativas
Subdivisión de forma Influencia
Subdivisión geográfica California
9 (RLIN) 22526
650 14 - PUNTO DE ACCESO ADICIONAL DE MATERIA--TÉRMINO DE MATERIA
Término de materia o nombre geográfico como elemento de entrada Artes decorativas
Subdivisión de forma Historia
Subdivisión cronológica Siglo XX
Subdivisión geográfica México
9 (RLIN) 22527
650 14 - PUNTO DE ACCESO ADICIONAL DE MATERIA--TÉRMINO DE MATERIA
Término de materia o nombre geográfico como elemento de entrada Arquitectura y sociedad
Subdivisión de forma Historia
Subdivisión cronológica Siglo XX
Subdivisión geográfica California
9 (RLIN) 22528
700 1# - PUNTO DE ACCESO ADICIONAL--NOMBRE DE PERSONA
Nombre de persona Kaplan, Wendy
Término indicativo de función/relación ed.
9 (RLIN) 9076
700 1# - PUNTO DE ACCESO ADICIONAL--NOMBRE DE PERSONA
Nombre de persona Steinberger, Staci
9 (RLIN) 22529
700 1# - PUNTO DE ACCESO ADICIONAL--NOMBRE DE PERSONA
Nombre de persona Eggener, Keith
9 (RLIN) 22530
700 1# - PUNTO DE ACCESO ADICIONAL--NOMBRE DE PERSONA
Nombre de persona Chamberlain Brach, Abbey
9 (RLIN) 22531
942 ## - ELEMENTOS DE PUNTO DE ACCESO ADICIONAL (KOHA)
Fuente del sistema de clasificación o colocación Library of Congress Classification
Tipo de ítem Koha Libros
Holdings
Estado de retiro Estado de pérdida Estado dañado No para préstamo Localización permanente Ubicación/localización actual Fecha de adquisición Total de préstamos Signatura topográfica completa Código de barras Fecha visto por última vez Precio válido a partir de Tipo de ítem Koha
El ejemplar forma parte de la colección y puede ser consultado según las políticas vigentes.       Biblioteca del Museo Franz Mayer (Rogerio Casas-Alatriste) Biblioteca del Museo Franz Mayer (Rogerio Casas-Alatriste) 21/02/2018   NK1410.C2 .D47 2017 02972 22/03/2019 22/03/2019 Libros